MARC details
| 000 -CABECERA |
| campo de control de longitud fija |
01041nam a2200181 a 4500 |
| 001 - NÚMERO DE CONTROL |
| campo de control |
000044253 |
| 005 - FECHA Y HORA DE LA ÚLTIMA TRANSACCIÓN |
| campo de control |
20201002045239.0 |
| 008 - DATOS DE LONGITUD FIJA--INFORMACIÓN GENERAL |
| campo de control de longitud fija |
140611s1980 dr a 000 0 spa d |
| 040 ## - FUENTE DE LA CATALOGACIÓN |
| Centro catalogador/agencia de origen |
DO-SdBNP |
| Lengua de catalogación |
spa |
| Centro/agencia transcriptor |
BNPHU |
| 082 ## - NÚMERO DE LA CLASIFICACIÓN DECIMAL DEWEY |
| Número de clasificación |
xxxx |
| Número de documento/Ítem |
R426s |
| 110 1# - ENTRADA PRINCIPAL--NOMBRE DE ENTIDAD CORPORATIVA |
| Nombre de entidad corporativa o nombre de jurisdicción como elemento de entrada |
República Dominicana |
| Unidad subordinada |
Secretaría de Estado de Finanzas |
| 9 (RLIN) |
32264 |
| 245 14 - MENCIÓN DE TÍTULO |
| Título |
[Fortalecimiento institucional]. |
| 260 ## - PUBLICACIÓN, DISTRIBUCIÓN, ETC. |
| Lugar de publicación, distribución, etc. |
Santo Domingo : |
| Nombre del editor, distribuidor, etc. |
Instituto de Capacitación Tributaria, |
| Fecha de publicación, distribución, etc. |
1980. |
| 300 ## - DESCRIPCIÓN FÍSICA |
| Extensión |
97 p. : |
| Otras características físicas |
il. ; |
| Dimensiones |
21 cm. |
| 490 1# - MENCIÓN DE SERIE |
| Mención de serie |
Fortalecimiento institucional |
| Designación de volumen o secuencia |
3 |
| 505 0# - NOTA DE CONTENIDO CON FORMATO |
| Título |
Los servicios administrativos -- |
| -- |
Los informes gerenciales -- |
| -- |
Proceso de decisión -- |
| -- |
Terminología usual en computación -- |
| -- |
Reclutamiento y selección de personal -- |
| -- |
Uso de cuestionarios en organización y sistemas -- |
| -- |
Las nuevas tendencias en el procesamiento de datos -- |
| -- |
Técnicas modernas en procesamiento de datos -- |
| -- |
Proceso de instalación y puesta en marcha de un computador -- |
| -- |
Nociones modernas de manajo de datos por computador -- |
| 830 #0 - PUNTO DE ACCESO ADICIONAL DE SERIE-TÍTULO UNIFORME |
| Título uniforme |
Fortalecimiento institucional ; |
| Número de parte o sección de la obra |
3 |
| 9 (RLIN) |
72258 |